Кинетика ядерных реакторов (9 сем): электронный курс

Detalles Bibliográficos
Autor principal: Лавриненко С. В. Сергей Викторович
Autor Corporativo: Национальный исследовательский Томский политехнический университет (ТПУ) Энергетический институт (ЭНИН) Кафедра атомных и тепловых электростанций (АТЭС)
Sumario:Заглавие с экрана
В результате освоения данной дисциплины студент приобретает знания, умения и навыки, обеспечивающие достижение целей Ц2 и Ц3 основной образовательной программы 141403 "Атомные станции: проектирование, эксплуатация, инжиниринг". Дисциплина нацелена на подготовку студентов к: научно-исследовательской и производственно-технологической работе в области атомной энергетики; поиску и анализу профильной научно-технической информации, необходимой для решения конкретных инженерных задач.
Доступ по логину и паролю
Lenguaje:ruso
Publicado: Томск, TPU Moodle, 2014
Materias:
Acceso en línea:https://design.lms.tpu.ru/course/view.php?id=62
Formato: Electrónico Libro
KOHA link:https://koha.lib.tpu.ru/cgi-bin/koha/opac-detail.pl?biblionumber=651672

MARC

LEADER 00000nlm0a2200000 4500
001 651672
005 20231214130358.0
035 |a (RuTPU)RU\TPU\network\16921 
035 |a RU\TPU\network\16920 
090 |a 651672 
100 |a 20161118d2014 m y0rusy50 ca 
101 0 |a rus 
102 |a RU 
105 |a a j 000zy 
135 |a jrcn ---uucaa 
181 0 |a i  
182 0 |a b 
200 1 |a Кинетика ядерных реакторов (9 сем)  |e электронный курс  |f С. В. Лавриненко  |g Национальный исследовательский Томский политехнический университет (ТПУ), Энергетический институт (ЭНИН), Кафедра атомных и тепловых электростанций (АТЭС) 
203 |a Текст  |c электронный 
210 |a Томск  |c TPU Moodle  |d 2014 
300 |a Заглавие с экрана 
330 |a В результате освоения данной дисциплины студент приобретает знания, умения и навыки, обеспечивающие достижение целей Ц2 и Ц3 основной образовательной программы 141403 "Атомные станции: проектирование, эксплуатация, инжиниринг". Дисциплина нацелена на подготовку студентов к: научно-исследовательской и производственно-технологической работе в области атомной энергетики; поиску и анализу профильной научно-технической информации, необходимой для решения конкретных инженерных задач. 
333 |a Доступ по логину и паролю 
606 1 |a Ядерные реакторы  |x Кинетика  |2 stltpush  |3 (RuTPU)RU\TPU\subj\21625  |9 46582 
610 1 |a электронный ресурс 
610 1 |a труды учёных ТПУ 
610 1 |a электронное обучение 
610 1 |a электронные курсы ТПУ 
610 1 |a управление 
610 1 |a переходные процессы 
610 1 |a выгорание 
610 1 |a шлакование 
610 1 |a отравления 
610 1 |a ядерное топливо 
610 1 |a учебные пособия 
610 1 |a электронные учебные пособия 
675 |a 621.039.514(075.8)  |v 3 
700 1 |a Лавриненко  |b С. В.  |c специалист в области теплоэнергетики  |c старший преподаватель Томского политехнического университета  |f 1986-  |g Сергей Викторович  |3 (RuTPU)RU\TPU\pers\30132  |9 14537 
712 0 2 |a Национальный исследовательский Томский политехнический университет (ТПУ)  |b Энергетический институт (ЭНИН)  |b Кафедра атомных и тепловых электростанций (АТЭС)  |3 (RuTPU)RU\TPU\col\18683 
801 2 |a RU  |b 63413507  |c 20220111  |g RCR 
856 4 |u https://design.lms.tpu.ru/course/view.php?id=62 
942 |c CF